000 00712nam a2200217 i 4500
001 44668
003 ES-MaACL
005 20230906161056.0
007 t|
008 030324s1966 sp ||||1| cat d
245 0 0 _a5 poetes de Girona
_b: Josep Tarres, Mª Antonia Morera i Rafols, Narcis Comadira, Carme Pons, Miquel Perpinya.
260 _aGirona :
_b[Dalmáu Carles],
_c1966.
300 _a207 p., 5 lám. ;
_c23 cm.
700 1 _aTarres, Josep.
_9109343
700 1 _aMorera i Rafols, María Antonia.
_983462
700 1 _aComadira, Narcís.
_939927
700 1 _aPons, Carme.
_992983
700 1 _aPerpinya, Miquel.
_991328
740 0 _aCinc poetes de Girona.
852 _aES-MaACL
_jC-30510
_bR.60949
999 _c44668
_d44668